000 00505nam a2200169 4500
001 109788
003 ES-MaACL
005 20230906184918.0
007 t|
008 061121s1970 sp r ||||1| spa d
100 1 _aModesti, Renzo.
_981747
245 1 0 _aCómo utilizar la publicidad... /
_cRenzo Modesti; Traducción: Juan L. Segui.
260 _aMadrid :
_bIbérico Europea de Ed.,
_c1970.
300 _a182 p. ;
_c21 cm.
700 1 _aSegui, Juan L.
_9105174
852 _aES-MaACL
_jC-45686
_bR.73119
999 _c109788
_d109788